000 00623nam a2200229Ia 4500
003 OSt
005 20220928101743.0
006 a|||||r|||| 00| 0
007 ta
008 220927b |||||||| |||| 00| 0 eng d
024 _a53331
037 _cTextual
040 _aSDCL
_cSDCL
_beng
041 _2eng
_aeng
082 _aO157,M61w, N1
100 _aGupta Arun Sen
_9394793
245 0 _aVismrati ke vatayan
_b Path se shantiniketan.
260 _aDelhi
_bKalinga Prakashan
_c1991
300 _a122p.
_ccm.
942 _hO157,M61w, N1
_cTEXL
_2CC
999 _c710395
_d710395